000 01714nam a22001577a 4500
041 _aukr
080 _a09
090 _bДЖИ
100 _aДжиган Н. Г.
245 _aВербальні та невербальні ознаки реалізації неправдивого висловлювання (на прикладі твору А. Крісті "Різдво Еркюля Пуаро")
260 _aОстрог
_bКАФ
_c2012
300 _a71
520 _aРОЗДІЛ 1 НЕПРАВДИВЕ ВИСЛОВЛЮВАННЯ ЯК НЕВІДЄМНА СКЛАДОВА БУТТЯ ЛЮДИНИ 1.1 Неправдиве висловлювання:його природа, форми та прояви 1.2 Виявлення неправдивого висловлювання 1.3 Вербальні ознаки виявлення брехні 1.4 Виявлення брехні за невербальними ознаками РОЗДІЛ 2 ОСОБЛИВОСТІ ПРОЯВІВ РЕАЛІЗАЦІЇ НЕПРАВДИВИХ ВИСЛОВЛЮВАНЬ (НА МАТЕРІАЛІ ДЕТЕКТИВУ АГАТИ КРІСТІ "РІЗДВО ЕРКЮЛЯ ПУАРО") 2.1 Детективний жанр у контексті аналізу реалізації неправдивого висловлювання 2.2 аналіз вербальних ознак реалізації непрадивого висловлювання у творі А. Крісті "Різдво Е. Пуаро" 2.3 Вербальні та невербальні ознаки прояву неправдивих висловлювань у творі
_0Брехня,детектив
650 _aResearch Papers
999 _c285018
_d285018
942 _cBK